000 01145nam a22003377a 4500
003 CHAP
005 20220329133835.0
008 971013s1988 r 00010 d
010 _a11637
011 _a12609
035 _a15795
040 _cCHAP
090 _aFolleto 11729
100 0 0 _aMagaña Torres, Octavio Salvador.
_969813
245 _aArquitectura de las primeras computadoras y tendencias en la arquitectura desde Von Neumann
260 _aChapingo, Méx. :
_bCP. Centro de Estadística y Cálculo,
_c1988
300 _a10 p.
490 _aBoletín técnico
_v; 4
500 _aD14-231
590 _aBATCH-UPD
_b10
_c20130110
_lUCH01
_h1859
590 _aBATCH-UPD
_b10
_c20130410
_lUCH01
_h1227
590 _aBATCH-UPD
_b10
_c20130914
_lUCH01
_h0653
590 _aCONVERSION
_b10
_c20130109
_lUCH01
_h1308
650 1 4 _aComputadoras.
_926129
830 0 _aBoletín técnico
_v; 4
_913560
901 _aBK
942 _cFOLL
949 _aFolleto 11729
_bBC
_cFOLL
_d-28004
_eTS1
_i15795
_mD
_si
949 _aFolleto 11729
_bBC
_cFOLL
_d-88855
_eTS2
_fc.2
_i15795
_mD
_si
949 _aFolleto 11729
_bBC
_cFOLL
_d-88856
_eTS2
_fc.3
_i15795
_mD
_si
999 _c11637
_d11637